Reconnais et nomme ces artistes internationaux VOL5 - Statistiques

Statistiques générales
  • Ce quiz a été pris 29 fois
  • Le résultat moyen est 9 sur 16
Statistiques - réponses
Par images Réponse % Correct
Michael Jackson
96%
Queen
93%
Shakira
93%
Rihanna
89%
Adele
86%
Britney Spears
82%
Ray Charles
71%
Alicia Keys
46%
Rosé
39%
Akon
36%
Depeche Mode
32%
Lola Young
29%
Martin Garrix
21%
Maluma
18%
Alex Warren
11%
Little Mix
11%
Aucun quiz correspondant
Distribution des résultats
% des personnes avec chaque résultat
Percentile par nombre de réponses
Votre historique - résultats
Vous n’avez pas pris ce quiz